000
00282nam a2200133Ia 4500
100
_a
Mahahar Lotia
490
_v
01-Aug
942
_c
BK
654
_a
television
245
_a
Modern Television circuits
260
_b
BPB
_a
New Delhi
082
_a
621.388
_b
MAH
546
_a
ENGLISH
999
_c
30631
_d
30631